000
00290 a2200109 4500
001
ART_33044
005
20260410161926.0
008
260409a
245
1
0
_a
Contabilidad de derivados
100
1
_a
Ariosti, Romina
773
0
_t
Lecturas
_g
- NÂș 14 (ene. 2010)
_w
REV19328
999
_c
28178
_d
28178